00635cam a22001817a 4500008004000000020001800040082001500058100001900073245005700092260002400149300001000173440003500183650004000218650005000258650004000308999001900348952008600367180718b2017 xxu||||| |||| 00| 0 eng d a9789351282600 aA99 Am16/3 aAmbedkar, B.R. aPakistan or the partition of Indiacby B.R. Ambedkar aDelhibKalpazc2017 a481p. aTreasure of Ambedkar series 03 aPakistan -- Politics and government aIndia -- Politics and government -- 1919-1947 aIndia -- History -- Partition, 1947 c445459d445459 00104070aIIPAbIIPAd2017-01-16oA99 Am16/3p86806r2018-07-21w2018-07-21yBK